| 000 | 00843nam a22002297a 4500 | ||
|---|---|---|---|
| 003 | BD-DhUL | ||
| 005 | 20210826145525.0 | ||
| 008 | 210824s2014 bg ||||| b||| 00| 0 eng | ||
| 020 | _a9789849066262 (pbk) | ||
| 040 |
_aBD-DhUL _cBD-DhUL |
||
| 082 |
_a891.444 _bRAS |
||
| 100 | 1 | _aরফিক, আহমদ । | |
| 245 | 0 | 0 |
_aশিল্প সংস্কৃতি জীবন / _cআহমদ রফিক |
| 250 | _a৩য় সংস্ক. | ||
| 260 |
_aঢাকা : _bঅনিন্দ্য প্রকাশ, _c২০১৪ । |
||
| 300 |
_a১৭৬ পৃ. ; _c২২ সেমি. |
||
| 365 |
_aBDT _b300.00 |
||
| 504 | _aগ্রন্থপঞ্জিগত তথ্য সংবলিত । | ||
| 650 | 0 | _aবাংলা প্রব্ন্ধ । | |
| 650 | 0 | _aBangali literature. | |
| 942 |
_2ddc _cBK |
||
| 999 |
_c254290 _d254290 |
||